000 00478nam a22001817a 4500
003 MPLRDC
005 20220104113818.0
008 210129b ||||| |||| 00| 0 eng d
020 _a957-773-145-7
082 _a889 CSJB v.14
100 _aSARA WOOD
245 _a真假亲王俏女探
_c齐心猿译
260 _a
_b禾林图书股份有限公司
_c1994
300 _b
490 _a畅销金榜. 14
650 _a西洋小说之中文翻译
942 _cBK
_o889 CSJB v.14
999 _c2548
_d2538